Sports Quiz

Random Sports Quiz

UFC Light Heavyweight Division (Dec 11) Quiz Stats

 Plays Quiz not verified by Sporcle

Challenge
Share
Tweet
Embed
Score 0/30 Timer 12:00
0 Plays Today
Fighter % Correct
Rashad Evans
100%
Jon Jones
97.8%
Lyoto Machida
93.5%
Mauricio Rua
91.3%
Forrest Griffin
89.1%
Tito Ortiz
87%
Quinton Jackson
87%
Phil Davis
78.3%
Ryan Bader
76.1%
Thiago Silva
73.9%
Dan Henderson
71.7%
Antonio Rogerio Nogueira
71.7%
Stephan Bonnar
60.9%
Rich Franklin
58.7%
Brandon Vera
58.7%
Fighter % Correct
Alexander Gustafsson
56.5%
Vladimir Matyushenko
52.2%
Krzysztof Soszynski
37%
Kyle Kingsbury
37%
James Te Huna
37%
Anthony Perosh
32.6%
Cyrille Diabate
32.6%
Igor Pokrajac
30.4%
Fabio Maldonado
30.4%
Stanislav Nedkov
26.1%
Karlos Vemola
17.4%
Aaron Rosa
17.4%
Ryan Jimmo
17.4%
Ronny Markes
8.7%
Nick Penner
6.5%

You're not logged in!

Compare scores with friends on all Sporcle quizzes.
OR
Log In

You Might Also Like...

Show Comments

Extras

Created Dec 9, 2011ReportNominate
Tags:MMA, UFC, UFC Fighters

Top Quizzes Today


Score Distribution

Your Account Isn't Verified!

In order to create a playlist on Sporcle, you need to verify the email address you used during registration. Go to your Sporcle Settings to finish the process.

Report this User

Report this user for behavior that violates our Community Guidelines.

Details: